Quizzes
Events
Quiz Creation
Community
Videos
Private Events
Remove Ads
Sign In
Join for FREE
Feedback
Dark Mode
Quiz Categories
Sports
Geography
Music
Movies
Television
Just For Fun
Miscellaneous
History
Literature
Language
Science
Gaming
Entertainment
Religion
Holiday
For Kids
Quiz Lab
Recent
Popular Today
Quiz Kudos Today
Editor Picks
Curator Picks
Quizzes by...
Day
Popularity
Type
Ratings
Length
Year
Community
Subscriptions
Recent Discussions
Orange Saloon
Badges
Playlists
Quests
Create
Leaderboards
Showdown
Live 5
Trivia Bingo
Activity
Puzzle Library
Sporcle Events
Private Events
Virtual Trivia
Globe League
Become a Host
Pub Owners
SporcleCon
Opinionation
Our Games
Videos
Blog
Mobile Apps
Partnerships
Remove Ads and Go Orange
Feedback
Just For Fun
Clickable
Get the Picture
Humor
Quick Pick
Word Ladder
Missing Word
Mixed Word
Blitz
Minefield
This or That
Alphabet
Color
Typing
Sporcle
Puzzle
Word Play
Follow That Line
Logic
Just For Fun
Clickable
Get the Picture
Humor
Quick Pick
Word Ladder
Missing Word
Mixed Word
Blitz
Minefield
This or That
Alphabet
Color
Typing
Sporcle
Puzzle
Word Play
Follow That Line
Logic
Random Quiz
Search Sporcle
×
Quiz Lab
Quiz Lab
Just For Fun
1-50
Type in answers that appear in a list
Type in answers that appear in a list
Classic
Best Score? Go Orange.
1-50 square Stats
Can you name the 1-50 square?
By
vaghelavtejal
4m
50 Questions
421 Plays
421 Plays
421 Plays
Comments
Comments
Give Quiz Kudos
Give Quiz Kudos
-
- Ratings
hide this ad
Forced Order
Answers have to be entered in order
Answers have to be entered in order
Minefield
Wrong answers will end the quiz
Wrong answers will end the quiz
Wrong Answers
Some wrong answers will appear in red
Some wrong answers will appear in red
Random Order
Randomize order of answers
Randomize order of answers
Replay
Link that replays current quiz
Next Quiz
Link to next quiz in quiz playlist
You Got
0%
They Got
Avg Score
86%
Avg Friend Score
Upgrade to see
Score Distribution
Jump to the score distribution portion of the page
Score
0/50
Timer
04:00
0
Plays Today
number
square
% Correct
3
???
91.4%
6
???
89.8%
5
???
89.5%
8
???
89.5%
30
???
89.5%
12
???
89.1%
50
???
89.1%
2
???
89.1%
1
???
89.1%
7
???
88.6%
14
???
88.4%
4
???
88.4%
11
???
88.1%
18
???
88.1%
13
???
87.9%
16
???
87.9%
20
???
87.9%
25
???
87.6%
10
???
87.4%
22
???
87.4%
31
???
87.4%
21
???
87.2%
41
???
87.2%
15
???
86.9%
19
???
86.9%
number
square
% Correct
49
???
86.9%
17
???
86.7%
9
???
86.5%
35
???
86.5%
40
???
86.2%
26
???
85.7%
39
???
85.7%
23
???
85.5%
24
???
85.5%
46
???
85.5%
32
???
85.3%
48
???
85.3%
27
???
84.8%
42
???
84.6%
33
???
83.8%
43
???
83.8%
45
???
83.6%
29
???
83.4%
44
???
83.1%
47
???
82.9%
34
???
82.4%
28
???
82.2%
37
???
82.2%
38
???
81.9%
36
???
80.8%
Quiz Playlist
Details
Report
Send in Message
Add To Playlist
Classic:
Type in answers that appear in a list
Forced Order:
Answers have to be entered in order
Minefield:
Wrong answers will end the quiz
Wrong Answers:
Some wrong answers will appear in red
Random Order:
Randomize order of answers
Last Updated: Nov 10, 2023
Quiz Scoreboard
CHALLENGE
Sign Up to Join the Scoreboard
Show All
Scores
Hide
Comments
May contain spoilers
Recently Published
One Thing in Common: World Cities II
by knightlancer
Geography
7m
Popular People in 1961
by mucciniale
History
6m
1-10 Letter E Words III
by El_Dandy
Language
2m
More to Explore
Quiz From the Vault
Featured Blog Post
Where Did the Easter Bunny Come From?
hide this ad
You Might Also Like...
Tags
1-50
Square
Today's Top Quizzes in Just For Fun
Browse Just For Fun
hide this ad
Today's Top Quizzes in 1-50
Browse 1-50
Top Contributed Quizzes in Just For Fun
1
Harry Potter Logic - 'In Chains' II
2
Survivor Winners Logic Puzzle
3
Crossword Whiteout! 49
4
Letter's Position in the Alphabet Blitz
5
Thermometer Puzzle 25
6
Aquarium Logic Puzzle 17
7
Big Thermometer Puzzle 21
8
Clickable 1 to 100 Minefield
9
K-Pop Idol Olympics Logic Quiz II
10
Tapa Puzzle
Explore More
Trending Topics
Kpop
Anime
Crossword
Disney
Marvel
Harry Potter
NBA
Pokémon
NFL
Song
Soccer
WWE
Puzzle
The Office
Country
hide this ad
More By:
vaghelavtejal
Quiz
Plays
Rating
Category
Featured
Created
1-50 square
421
5.00
Just For Fun
Aug 22, 2016
Go to Creator's Profile
Score Distribution
Quiz Creator Spotlight
vaghelavtejal
Follow
Send a Message
Quizzes Created
-
Created Quiz Play Count
-
More By This Creator
Popular Quizzes Today
1
Find the US States - No Outlines Minefield
2
The Countries of the World
3
Find the Countries of Europe - No Outlines Minefield
4
Popular People in 1961
5
1-10 Letter E Words III
6
Find the US States
7
One Thing in Common: World Cities II
8
US States
More Just For Fun Quizzes
Simple Sudoku V
Quiz Lab
Trending Quizzes
Risky Map Clicking: Least Populous States A-Z
1-10 Letter F Words
1-10 Letter G Words
One Thing in Common: United Kingdom
Risky Map Clicking: Next State Alphabetically
Recently Updated
Leaping Animals
pecheneg
Reality TV Shows (A-Z)
bhenderson79
Rickey Henderson's Hall of Fame Teammates
pecheneg
Champions League XIs: Arsenal
pecheneg
Quick Pick: Celebrities in WWE's Hall of Fame
aduchscher
A-Z Keypad Blitz II
pecheneg
Multiple Oscar Actors
pecheneg
Mystery Phrase Blitz: Oscar 'Best Actors'
pecheneg
F. Scott Fitzgerald Novels
LTH
Pick 3 Villains
ddd62291
Trending Topics
Crossword
Marvel
Anime
Harry Potter
Kpop
Disney
NBA
NFL
WWE
Soccer
Puzzle
Pokémon
Song
The Office
Country
Your Account Isn't Verified!
In order to create a playlist on Sporcle, you need to verify the email address you used during registration. Go to your
Sporcle Settings
to finish the process.
Report this User
Report this user for behavior that violates our
Community Guidelines
.
Details:
Send Report
Go to the Sporcle.com Mobile Site →
Comments